000 00870nam a2200229Ia 4500
003 GCL
008 140319s9999 xx 000 0 ara d
020 _a1184009957
040 _aGCL /
_cGCL
082 0 4 _a923.2
_bع د
100 1 _aعماد عبدالحميد الفالوجى
245 1 0 _aدرب الاشواك :
_bحماس 00 الانتفاضة 00 السلطة /
_cعماد عبدالحميد الفالوجى
250 _aالاولى
260 _aالاردن :
_bدار الشروق للنشر والتوزيع ،
_c2002
300 _a456 ص ؛
_c24 سم
650 0 4 _aالقضية الفلسطينية
650 0 4 _aالانتفاضة الفلسطينية
650 0 4 _aالسياسيون - تراجم
650 0 4 _aفلسطين - تاريخ - العصر الحديث
650 0 4 _aالسجون السياسية - فلسطين
942 _2ddc
_cBK
999 _c10172
_d10172